000 00998cam a2200229 4500
001 WB3711-24
008 000000n2001 000 0 eng u
035 _a(Sirsi) u111387
245 _aHelp for flat owners
260 _c2001
490 _aGuardian
_v10 March 2001, 40-41(1)
520 _aPrompted by measures in the Commonhold and Leasehold Reform Bill, the Co-op bank will offer insurance services and loans to groups of flat owners to help with urgent repairs and the general management of shared property. The introduction of commonhold should shift the power from unscrupulous freeholders to leaseholders, and encourage the growth of Resident Management Companies (RMCs).
590 _aWB
650 _aCOMMONHOLD AND LEASEHOLD REFORM BILL
650 _aCOMMUNAL OWNERSHIP
650 _aLEASEHOLDERS
650 _aCOMMONHOLD MANAGEMENT
650 _aBLOCKS OF FLATS
650 _aRESIDENT MANAGEMENT COMPANIES
690 _aLANDLORD AND TENANT-LEASEHOLD REFORM
942 _n0
999 _c66362
_d66362